000 00698nam a22001937a 4500
005 20140811123312.0
010 _aB-506242-261
020 _a9788184952858
_c250.00
035 _aB-506242-261
037 _adpl
_bKBD/Ven
082 _a954
100 _aBaig, Murad Ali
245 _a80 Questions to understand India:
_bhistory mythology religion /
_cby Murad Ali Baig
260 _aMumbai
_bJaico Publishing House
_c2011
270 _aA-2 Jash Chambers, 7-A Sir Phirozshah Mehta Road
_bFort, Mumbai
_e400001
300 _a224p.:
_bill.
_c21cm(pbk)
942 _2ddc
_cEN
_h954
_mBAI
999 _c87760
_d87760